Statistics for Tellurocracies

Click here to take the quiz!

General Stats

  • This quiz has been taken 12 times
  • The average score is 8 of 10

Answer Stats

CapitalTellurocracy% Correct
ViennaAustrian Empire / Austro-Hungarian Empire
100%
BeijingQing Empire
100%
Moscow / St PetersburgRussian Empire
100%
TenochtitlanAztec Empire
92%
CuscoInca Empire
92%
Paris / AachenFrankish Empire / Carolingian Empire
75%
Karakorum / KhanbaliqMongol Empire
75%
Agra / DelhiMughal Empire
75%
Tabriz / Qazvin / IsfahanSafavid Empire
75%
GaoSonghai Empire
25%

Score Distribution

Percentile by Number Answered

Percent of People with Each Score

Your Score History

You have not taken this quiz